| 000 | 00418nam a2200181Ia 4500 | ||
|---|---|---|---|
| 008 | 230725s xx 000 0 und d | ||
| 041 | _aeng | ||
| 082 |
_a615.19 _bGAR |
||
| 100 | _aGARRATT D.C | ||
| 245 | _aTHE QUANTITATIVE ANALYSIS OF DRUG | ||
| 260 | _bBOOTS PURE DRUG COMP.LTD | ||
| 300 | _a670 | ||
| 365 | _h20 | ||
| 500 | _aTEXT BOOK | ||
| 501 | _aPA | ||
| 520 | _aPB | ||
| 650 | _aPHARMACEUTICAL ANALYSIS | ||
| 999 |
_c767315 _d767315 |
||